| 000 | 00998cam a22002653a 4500 | ||
|---|---|---|---|
| 001 | 3049 | ||
| 003 | PGUSA | ||
| 005 | 20140828083025.0 | ||
| 008 | 020101s2002||||xxu|||||s|||||000 1 eng d | ||
| 040 |
_aPGUSA _beng |
||
| 042 | _adc | ||
| 050 | 4 | _aPR | |
| 100 | 1 |
_aHardy, Thomas, _d1840-1928 |
|
| 245 | 1 | 2 |
_aA Group of Noble Dames _h[electronic resource] / _cThomas Hardy |
| 260 |
_bProject Gutenberg, _c2002 |
||
| 505 | 0 | _aThe first Countess of Wessex -- Barbara, of the house of Grebe -- The Marchioness of Stonehenge -- Lady Mottisfont -- The Lady Icenway -- Squire Petrick's lady -- Anna Lady Baxby -- The Lady Penelope -- The Duchess of Hamptonshire -- The Honorable Laura. | |
| 506 | _aPublic domain in the USA. | ||
| 516 | _aElectronic text | ||
| 653 | _aWomen -- England -- Fiction | ||
| 653 | _aWessex (England) -- Fiction | ||
| 653 | _aNobility -- Great Britain -- Fiction | ||
| 830 | 0 |
_aProject Gutenberg _v3049 |
|
| 856 | 4 | 0 | _uhttp://www.gutenberg.org/ebooks/3049 |
| 942 | _cEB | ||
| 999 |
_c232378 _d232378 |
||